00653nam a22001577a 4500008004100000040005500041080001400096245010400110260008400214300000900298650001300307653001300320942001200333999001700345952013300362230612b |||||||| |||| 00| 0 eng d aNational Science LibrarycNational Science Library a683.3bK1 aPlant requirements for manufacture of brass table lampsc/ International Cooperation Administration aWashington D C: bInternational Cooperation Administration, c1961 a53p. aLanguage aIndustry 2udccPR c42128d42128 00102udc4066833_K170962757aNSLbNSLcGF/Rk-21/C-10/R-1d2004-07-29l0o683.3 K1p3243r2023-06-12 00:00:00w2004-07-29yPR